[Event "13. Rusia tch 2006"]
[Site "Sochi RUS"]
[Date "2006.04.22"]
[Round "3.12"]
[White "Asrian, Karen"]
[Black "Erenburg, Sergey"]
[Result "1/2-1/2"]
[WhiteElo "2646"]
[BlackElo "2554"]
[PlyCount "84"]
[EventDate "2006.04.20"]
[EventType "team"]
[EventRounds "11"]
[EventCountry "RUS"]
[Source "lmi"]
[SourceDate "2006.04.26"]

1. e4 e5 2. Nf3 Nf6 3. d4 Nxe4 4. Bd3 d5 5. Nxe5 Nd7 6. Nc3 Nxe5 7. dxe5 Nxc3
8. bxc3 Be7 9. O-O O-O 10. Qh5 g6 11. Qf3 Be6 12. Rb1 Rb8 13. Bh6 Re8 14. Qg3
Qd7 15. Kh1 c6 16. f4 Bf5 17. c4 d4 18. Qf2 c5 19. h3 Bf8 20. Qh4 Be7 21. Bg5
Bxg5 22. Qxg5 Bxd3 23. cxd3 b5 24. cxb5 Rxb5 25. Qg3 Rxb1 26. Rxb1 Qd5 27. Qf2
c4 28. dxc4 Qxc4 29. f5 Qd3 30. Rb7 Qxf5 31. Qxd4 a5 32. Re7 Rxe7 33. Qd8+ Kg7
34. Qxe7 h5 35. a3 g5 36. Qc5 a4 37. Kg1 g4 38. hxg4 Qxg4 39. Qf2 h4 40. Qf6+
Kg8 41. Qd8+ Kh7 42. Qf6 Kg8 1/2-1/2

[Event "13. Rusia tch 2006"]
[Site "Sochi RUS"]
[Date "2006.04.22"]
[Round "3.16"]
[White "Kurnosov, Igor"]
[Black "Savchenko, Boris"]
[Result "0-1"]
[WhiteElo "2526"]
[BlackElo "2568"]
[PlyCount "66"]
[EventDate "2006.04.20"]
[EventType "team"]
[EventRounds "11"]
[EventCountry "RUS"]
[Source "lmi"]
[SourceDate "2006.04.26"]

1. e4 c5 2. Nf3 g6 3. d4 cxd4 4. Nxd4 Bg7 5. Nc3 Nc6 6. Be3 Nf6 7. Bc4 Na5 8.
Be2 d6 9. f4 O-O 10. O-O Bd7 11. Kh1 Rc8 12. e5 Ne8 13. Nf3 Nc6 14. Qd2 dxe5
15. fxe5 Nxe5 16. Rad1 Nd6 17. Nxe5 Bxe5 18. Bxa7 Bf5 19. Qe3 f6 20. Bd3 Bxd3
21. Rxd3 Qa5 22. Nd5 Rxc2 23. Nxe7+ Kg7 24. Bd4 Rf7 25. b4 Bxd4 26. Qxd4 Qg5
27. Rg3 Rc1 28. Rg1 Rxg1+ 29. Qxg1 Qe5 30. Re3 Ne4 31. Nc8 Rc7 32. Rxe4 Qxe4
33. Nd6 Qe5 0-1

[Event "13. Rusia tch 2006"]
[Site "Sochi RUS"]
[Date "2006.04.22"]
[Round "3.25"]
[White "Belov, Vladimir"]
[Black "Nikolenko, Oleg"]
[Result "1-0"]
[WhiteElo "2599"]
[BlackElo "2536"]
[PlyCount "77"]
[EventDate "2006.04.20"]
[EventType "team"]
[EventRounds "11"]
[EventCountry "RUS"]
[Source "lmi"]
[SourceDate "2006.04.26"]

1. e4 e6 2. d4 d5 3. Nc3 Nf6 4. e5 Nfd7 5. f4 c5 6. Nf3 Nc6 7. Be3 cxd4 8. Nxd4
Bc5 9. Qd2 Nxd4 10. Bxd4 Bxd4 11. Qxd4 Qb6 12. Nb5 Qxd4 13. Nxd4 Ke7 14. h4 h5
15. Rh3 Nb8 16. Rc3 Bd7 17. Rc7 Nc6 18. Nb3 b6 19. Bb5 Nb8 20. a4 Kd8 21. Rc3
a5 22. Nd4 Bxb5 23. axb5 Ra7 24. b4 Rc7 25. Kd2 Rxc3 26. Kxc3 Kc7 27. bxa5 bxa5
28. Rxa5 Kb6 29. Ra8 Kb7 30. Ra3 Rc8+ 31. Kd3 Nd7 32. Nc6 Kb6 33. c4 Nc5+ 34.
Kd4 dxc4 35. Kxc4 Rf8 36. Kb4 Rc8 37. Na5 Rc7 38. Nc4+ Kb7 39. b6 1-0

[Event "13. Rusia tch 2006"]
[Site "Sochi RUS"]
[Date "2006.04.22"]
[Round "3.43"]
[White "Timofeev, Artyom"]
[Black "Landa, Konstantin"]
[Result "1/2-1/2"]
[WhiteElo "2646"]
[BlackElo "2600"]
[PlyCount "73"]
[EventDate "2006.04.20"]
[EventType "team"]
[EventRounds "11"]
[EventCountry "RUS"]
[Source "lmi"]
[SourceDate "2006.04.26"]

1. e4 e5 2. Nf3 d6 3. d4 exd4 4. Nxd4 Nf6 5. Nc3 Be7 6. g3 d5 7. e5 Ng4 8. Bg2
Nxe5 9. Qe2 Nec6 10. Be3 Nxd4 11. Bxd4 O-O 12. Nxd5 Bb4+ 13. Nxb4 Qxd4 14. Nd5
Na6 15. c3 Qa4 16. b3 Qe8 17. Ne7+ Kh8 18. O-O Nc5 19. Qe3 Ne6 20. Nxc8 Qxc8
21. f4 f5 22. Rfe1 Rf6 23. Rad1 Nf8 24. Qe7 c6 25. b4 a6 26. h4 Qb8 27. c4 Qa7+
28. c5 a5 29. b5 Ng6 30. Rd8+ Rf8 31. b6 Qa6 32. Rxf8+ Rxf8 33. Qxf8+ Nxf8 34.
Re8 Kg8 35. Bf1 Kf7 36. Rxf8+ Kxf8 37. Bxa6 1/2-1/2

[Event "13. Rusia tch 2006"]
[Site "Sochi RUS"]
[Date "2006.04.22"]
[Round "3.44"]
[White "Tregubov, Pavel V"]
[Black "Filippov, Valerij"]
[Result "1-0"]
[WhiteElo "2563"]
[BlackElo "2561"]
[PlyCount "153"]
[EventDate "2006.04.20"]
[EventType "team"]
[EventRounds "11"]
[EventCountry "RUS"]
[Source "lmi"]
[SourceDate "2006.04.26"]

1. d4 d5 2. c4 e6 3. Nf3 Nf6 4. Nc3 c6 5. g3 Be7 6. Bg2 Nbd7 7. O-O O-O 8. b3
b6 9. Nd2 b5 10. e4 bxc4 11. bxc4 Ba6 12. e5 Ne8 13. Re1 Nc7 14. c5 Bd3 15. Nb3
Ba6 16. Na5 Nb8 17. Rb1 Nb5 18. Nxb5 Bxb5 19. Bd2 Qc8 20. Bf1 Bd8 21. Bxb5 cxb5
22. Rxb5 Bxa5 23. Bxa5 Nc6 24. Bc3 f6 25. exf6 Rxf6 26. Qg4 Qa6 27. Rb2 Raf8
28. Re3 Qa4 29. Rb7 Rg6 30. Qe2 Rgf6 31. Qg4 Rg6 32. Qe2 Rgf6 33. f4 Nxd4 34.
Qd3 Qc6 35. Rxg7+ Kxg7 36. Bxd4 Kg8 37. Bxf6 Rxf6 38. Qd4 Rf8 39. Re5 Rf5 40.
Rxf5 exf5 41. Qb4 Kf7 42. Kf2 Kg6 43. a4 Qf6 44. Qd2 Qc6 45. Qc2 Kf6 46. Qb2+
Kg6 47. Qb5 Qe6 48. c6 a6 49. Qxa6 d4 50. Qd3 Qxc6 51. Qxd4 Qh1 52. Qd6+ Kh5
53. Qd3 Qxh2+ 54. Ke1 Qg1+ 55. Kd2 Qc5 56. Qe2+ Kg6 57. Qe8+ Kh6 58. Ke2 Qc2+
59. Kf3 Qd3+ 60. Kg2 Qd2+ 61. Kh3 Qd5 62. Qe1 Kg6 63. a5 Qc6 64. Qf1 Kf7 65. a6
Qh6+ 66. Kg2 Qc6+ 67. Kh2 Qb6 68. Qc4+ Kg7 69. Qc3+ Kf7 70. Qc4+ Kg7 71. Kg2
Qb2+ 72. Kh3 Qb6 73. Qc8 Qg1 74. Qb7+ Kh6 75. a7 Qf1+ 76. Qg2 Qd1 77. Kh2 1-0

[Event "13. Rusia tch 2006"]
[Site "Sochi RUS"]
[Date "2006.04.22"]
[Round "3.46"]
[White "Khismatullin, Denis"]
[Black "Yandemirov, Valeri"]
[Result "1/2-1/2"]
[WhiteElo "2584"]
[BlackElo "2520"]
[PlyCount "102"]
[EventDate "2006.04.20"]
[EventType "team"]
[EventRounds "11"]
[EventCountry "RUS"]
[Source "lmi"]
[SourceDate "2006.04.26"]

1. d4 Nf6 2. c4 g6 3. f3 d5 4. cxd5 Nxd5 5. e4 Nb6 6. Nc3 Bg7 7. Be3 Nc6 8. d5
Ne5 9. f4 Ng4 10. Bb5+ Bd7 11. Bd4 Bxd4 12. Qxd4 O-O 13. Be2 Nf6 14. a4 a5 15.
Bf3 c6 16. Nge2 cxd5 17. e5 Ne4 18. Nxd5 Nxd5 19. Qxd5 Bc6 20. Qd4 Ra6 21. Rc1
f5 22. O-O Qb6 23. Qxb6 Rxb6 24. Nd4 Rd8 25. Rfd1 Rxb2 26. Nxc6 Rxd1+ 27. Rxd1
bxc6 28. g4 c5 29. gxf5 gxf5 30. Rd8+ Kf7 31. Bh5+ Ke6 32. Be8 Rd2 33. Rc8 Kd5
34. Bf7+ Kd4 35. Be6 Ke3 36. Bxf5 Kxf4 37. Bxe4 Kxe4 38. Rxc5 Rd5 39. Rc4+ Kxe5
40. Rh4 Kd6 41. Rh6+ e6 42. Rxh7 Rd4 43. Kf2 Rxa4 44. h4 Ke5 45. h5 Ra2+ 46.
Kf3 Ra3+ 47. Kg4 Ra4+ 48. Kg5 Ra1 49. Ra7 Rg1+ 50. Kh6 Kf6 51. Rg7 Rxg7 1/2-1/2

[Event "13. Rusia tch 2006"]
[Site "Sochi RUS"]
[Date "2006.04.22"]
[Round "3.54"]
[White "Khairullin, Ildar"]
[Black "Bologan, Viktor"]
[Result "0-1"]
[WhiteElo "2544"]
[BlackElo "2666"]
[PlyCount "134"]
[EventDate "2006.04.20"]
[EventType "team"]
[EventRounds "11"]
[EventCountry "RUS"]
[Source "lmi"]
[SourceDate "2006.04.26"]

1. e4 c6 2. d4 d5 3. e5 Bf5 4. Nf3 e6 5. Be2 Nd7 6. O-O h6 7. Nbd2 Ne7 8. c3 a6
9. Ne1 c5 10. Ndf3 Nc6 11. a3 c4 12. Nc2 Be7 13. Ne3 Bh7 14. Nd2 O-O 15. f4 Kh8
16. Qe1 f6 17. Bg4 fxe5 18. fxe5 Ndxe5 19. dxe5 Nxe5 20. Rxf8+ Bxf8 21. Be2 Bc5
22. Ndf1 Qb6 23. Kh1 Rf8 24. Nd1 Nc6 25. Be3 Bxe3 26. Nfxe3 Na5 27. a4 Nb3 28.
Ra3 Be4 29. Ng4 a5 30. Ngf2 Bc2 31. Bf3 Nc5 32. Qe3 Qd6 33. Ra1 Nb3 34. Ra3 e5
35. Qe2 Bh7 36. Kg1 b6 37. Bg4 Bg8 38. Ne3 Qg6 39. Ned1 d4 40. Bf3 Qg5 41. Be4
Nc1 42. Qe1 d3 43. Qe3 Ne2+ 44. Kf1 Qh4 45. h3 Ng3+ 46. Kg1 Rf4 47. Bf3 e4 48.
Bg4 h5 49. Bc8 Bd5 50. Qxb6 e3 51. Qxe3 Qg5 52. h4 Ne2+ 53. Kf1 Qxg2+ 54. Ke1
Ng3 55. Bh3 Qg1+ 56. Kd2 Re4 57. Nxe4 Nxe4+ 58. Kc1 Qh2 59. Nf2 d2+ 60. Kc2
Nxf2 61. Qe8+ Bg8 62. Kxd2 Nxh3+ 63. Kc1 Nf4 64. Kb1 Qh1+ 65. Kc2 Qg2+ 66. Kb1
Qf1+ 67. Ka2 Qd1 0-1

[Event "13. Rusia tch 2006"]
[Site "Sochi RUS"]
[Date "2006.04.22"]
[Round "3.55"]
[White "Tkachiev, Vladislav"]
[Black "Yemelin, Vasily"]
[Result "1-0"]
[WhiteElo "2643"]
[BlackElo "2520"]
[PlyCount "77"]
[EventDate "2006.04.20"]
[EventType "team"]
[EventRounds "11"]
[EventCountry "RUS"]
[Source "lmi"]
[SourceDate "2006.04.26"]

1. Nf3 d5 2. d4 c5 3. c4 e6 4. cxd5 exd5 5. Nc3 Nc6 6. Bf4 Nf6 7. e3 c4 8. Be2
Bb4 9. O-O O-O 10. Ne5 Bxc3 11. bxc3 Ne4 12. Nxc6 bxc6 13. Rc1 g5 14. Be5 f6
15. f3 Nxc3 16. Rxc3 fxe5 17. dxe5 Qb6 18. Qe1 Rb8 19. Kh1 Qb2 20. f4 Bf5 21.
Rc1 Qxa2 22. Bh5 Rb7 23. Qg3 Bd3 24. e6 Bxf1 25. Rxf1 h6 26. h4 Rb1 27. Rxb1
Qxb1+ 28. Kh2 Qh7 29. fxg5 Qg7 30. Qd6 hxg5 31. e7 gxh4 32. exf8=Q+ Qxf8 33.
Qe6+ Kh8 34. Kh3 Qf2 35. Qe5+ Kh7 36. Bg4 c3 37. Bf5+ Kg8 38. Qe6+ Kf8 39. Qf6+
1-0

[Event "13. Rusia tch 2006"]
[Site "Sochi RUS"]
[Date "2006.04.22"]
[Round "3.63"]
[White "Roiz, Michael"]
[Black "Najer, Evgeniy"]
[Result "1/2-1/2"]
[WhiteElo "2590"]
[BlackElo "2653"]
[PlyCount "129"]
[EventDate "2006.04.20"]
[EventType "team"]
[EventRounds "11"]
[EventCountry "RUS"]
[Source "lmi"]
[SourceDate "2006.04.26"]

1. d4 d5 2. c4 c6 3. Nf3 Nf6 4. Nc3 a6 5. c5 Nbd7 6. Bf4 Nh5 7. Bd2 Nhf6 8. Rc1
g6 9. h3 Bg7 10. Bf4 O-O 11. e3 Ne8 12. Be2 Nc7 13. O-O Re8 14. Bg5 Ne6 15. Bh4
f5 16. Bg3 Bh6 17. Bh2 Ng5 18. Nxg5 Bxg5 19. f4 Bf6 20. g4 Bh4 21. Rf3 e6 22.
Bg3 h6 23. Bxh4 Qxh4 24. Qe1 Qxe1+ 25. Rxe1 Nf6 26. Rg3 Kf7 27. Kf2 Bd7 28.
Reg1 Ne4+ 29. Nxe4 fxe4 30. h4 Rg8 31. Ke1 Ke7 32. Kd2 Raf8 33. R3g2 Ra8 34.
Kc3 Raf8 35. Rh2 Be8 36. b4 Kd8 37. a4 Kc7 38. g5 h5 39. Rb1 Bd7 40. Bf1 Ra8
41. Rhb2 Ra7 42. Kd2 Rga8 43. Ke1 Kd8 44. Kf2 Kc7 45. Be2 Kd8 46. Rb3 Kc7 47.
R1b2 Be8 48. Kg3 Bd7 49. Bf1 Kd8 50. Kf2 Kc7 51. Ke1 Kd8 52. Kd2 Kc7 53. Kc2
Bc8 54. Ra3 Bd7 55. Rbb3 Be8 56. Ra1 Bd7 57. Kb2 Be8 58. Rba3 Bd7 59. b5 axb5
60. axb5 Rxa3 61. Rxa3 Rxa3 62. Kxa3 cxb5 63. Kb4 b6 64. Be2 Be8 65. Bf1
1/2-1/2

[Event "13. Rusia tch 2006"]
[Site "Sochi RUS"]
[Date "2006.04.22"]
[Round "3.66"]
[White "Kiriakov, Petr"]
[Black "Iljushin, Alexei"]
[Result "1-0"]
[WhiteElo "2555"]
[BlackElo "2483"]
[PlyCount "95"]
[EventDate "2006.04.20"]
[EventType "team"]
[EventRounds "11"]
[EventCountry "RUS"]
[Source "lmi"]
[SourceDate "2006.04.26"]

1. d4 e6 2. c4 f5 3. g3 Nf6 4. Bg2 d5 5. Nf3 c6 6. O-O Bd6 7. b3 Qe7 8. Ne5 O-O
9. Qc2 Bd7 10. Bb2 Be8 11. Nd2 Nbd7 12. Ndf3 Ne4 13. Nd3 Rd8 14. Rad1 a6 15.
Qc1 Bh5 16. Nf4 Bf7 17. Ne5 Rfe8 18. Nfd3 Bb8 19. f3 Nef6 20. Ba3 Bd6 21. Bxd6
Qxd6 22. Qb2 Rf8 23. Rfe1 Qe7 24. Nxd7 Qxd7 25. c5 Qc7 26. b4 Nd7 27. a4 Rb8
28. Rc1 b6 29. Qc3 a5 30. cxb6 Nxb6 31. bxa5 Nc4 32. Nc5 Rb2 33. Rb1 Rxb1 34.
Rxb1 Qxa5 35. Qxa5 Nxa5 36. e3 Ra8 37. Bf1 Kf8 38. Kf2 Ke7 39. Ke1 Kd6 40. f4
Be8 41. Rb6 Bd7 42. Ra6 Rxa6 43. Bxa6 Kc7 44. Kd2 g6 45. Kc3 Kb6 46. Kb4 Be8
47. Be2 Nb7 48. a5+ 1-0

[Event "13. Rusia tch 2006"]
[Site "Sochi RUS"]
[Date "2006.04.23"]
[Round "4.23"]
[White "Shomoev, Anton"]
[Black "Najer, Evgeniy"]
[Result "1/2-1/2"]
[WhiteElo "2492"]
[BlackElo "2653"]
[PlyCount "131"]
[EventDate "2006.04.20"]
[EventType "team"]
[EventRounds "11"]
[EventCountry "RUS"]
[Source "lmi"]
[SourceDate "2006.04.26"]

1. e4 e5 2. Nf3 Nc6 3. Bb5 a6 4. Ba4 d6 5. O-O Bd7 6. c3 g6 7. d4 Bg7 8. Be3
Nge7 9. d5 Nb8 10. Bxd7+ Nxd7 11. c4 O-O 12. Nc3 h6 13. Nd2 f5 14. f3 Kh7 15.
b4 Bf6 16. Nb3 Bh4 17. Kh1 f4 18. Bg1 Nf6 19. c5 Nh5 20. Ne2 Ng8 21. Rc1 Rf7
22. Rc3 Ng3+ 23. Nxg3 fxg3 24. h3 Bg5 25. Nc1 Bxc1 26. Qxc1 Nf6 27. Qc2 g5 28.
Rc1 Kg6 29. cxd6 cxd6 30. Rc7 Rxc7 31. Qxc7 Qxc7 32. Rxc7 b5 33. Bb6 Ne8 34.
Rc6 Kf7 35. Kg1 Ke7 36. Kf1 Kd7 37. Be3 a5 38. bxa5 Rxa5 39. Rc2 Ke7 40. Bd2
Ra4 41. Be1 Kd7 42. Bxg3 Nc7 43. Rb2 h5 44. Be1 g4 45. Kf2 gxf3 46. gxf3 Na6
47. Rxb5 Rxa2+ 48. Kg3 Nc5 49. Ra5 Rb2 50. Ra3 Re2 51. Bb4 h4+ 52. Kxh4 Nxe4
53. Ra7+ Ke8 54. Kg4 Nf6+ 55. Kf5 Nxd5 56. Bxd6 Re3 57. Bxe5 Ne7+ 58. Kf6 Rxf3+
59. Ke6 Nc6 60. Rh7 Nxe5 61. Rh8+ Rf8 62. Rxf8+ Kxf8 63. Kxe5 Kg7 64. h4 Kg6
65. h5+ Kxh5 66. Ke4 1/2-1/2

[Event "13. Rusia tch 2006"]
[Site "Sochi RUS"]
[Date "2006.04.23"]
[Round "4.25"]
[White "Iskusnyh, Sergei"]
[Black "Popov, Valerij"]
[Result "1/2-1/2"]
[WhiteElo "2510"]
[BlackElo "2587"]
[PlyCount "30"]
[EventDate "2006.04.20"]
[EventType "team"]
[EventRounds "11"]
[EventCountry "RUS"]
[Source "lmi"]
[SourceDate "2006.04.26"]

1. d4 d5 2. c4 c6 3. Nc3 Nf6 4. e3 a6 5. Qc2 Bg4 6. f3 Bh5 7. Qb3 b5 8. cxd5
Nxd5 9. Nxd5 Qxd5 10. Qxd5 cxd5 11. a4 b4 12. Bd2 e6 13. Rc1 Kd7 14. Nh3 Bd6
15. Nf2 Bg6 1/2-1/2

[Event "13. Rusia tch 2006"]
[Site "Sochi RUS"]
[Date "2006.04.23"]
[Round "4.26"]
[White "Korneev, Oleg"]
[Black "Gabrielian, Artur"]
[Result "1/2-1/2"]
[WhiteElo "2671"]
[BlackElo "2520"]
[PlyCount "82"]
[EventDate "2006.04.20"]
[EventType "team"]
[EventRounds "11"]
[EventCountry "RUS"]
[Source "lmi"]
[SourceDate "2006.04.26"]

1. e4 c5 2. Nf3 d6 3. d4 cxd4 4. Nxd4 Nf6 5. Nc3 a6 6. Be3 e6 7. f3 b5 8. Qd2
Bb7 9. g4 Nc6 10. Nxc6 Bxc6 11. O-O-O Be7 12. Kb1 O-O 13. h4 b4 14. Ne2 d5 15.
Nd4 Bb7 16. e5 Nd7 17. f4 Nc5 18. g5 Ne4 19. Qe1 Bc5 20. g6 Qb6 21. gxh7+ Kh8
22. Rh3 f6 23. Bg2 fxe5 24. fxe5 Rad8 25. Ka1 Rd7 26. Rf3 Rdf7 27. Rxf7 Rxf7
28. h5 a5 29. Bh3 a4 30. h6 a3 31. b3 g6 32. Qg1 Kxh7 33. Rf1 Rxf1+ 34. Bxf1
Qc7 35. Nxe6 Qxe5+ 36. Nd4 Bc8 37. Bd3 Bf5 38. Bxe4 dxe4 39. Kb1 Be7 40. Kc1
Bf6 41. Qf2 Kh8 1/2-1/2

[Event "13. Rusia tch 2006"]
[Site "Sochi RUS"]
[Date "2006.04.23"]
[Round "4.32"]
[White "Kasimdzhanov, Rustam"]
[Black "Areshchenko, Alexander"]
[Result "1/2-1/2"]
[WhiteElo "2673"]
[BlackElo "2660"]
[PlyCount "54"]
[EventDate "2006.04.20"]
[EventType "team"]
[EventRounds "11"]
[EventCountry "RUS"]
[Source "lmi"]
[SourceDate "2006.04.26"]

1. e4 c5 2. Nf3 d6 3. d4 cxd4 4. Nxd4 Nf6 5. Nc3 a6 6. Be3 e5 7. Nb3 Be6 8. f3
Be7 9. Qd2 Nbd7 10. O-O-O O-O 11. g4 b5 12. g5 Nh5 13. Nd5 Bxd5 14. exd5 f5 15.
Rg1 f4 16. Bf2 Bxg5 17. Bh3 Be7 18. Na5 Qe8 19. Nc6 Kh8 20. Qa5 Bd8 21. Qa3 Bc7
22. Be6 Nhf6 23. Rg5 Nb8 24. Na7 Nbd7 25. Rdg1 g6 26. Nc6 Nb8 27. Na7 Nbd7
1/2-1/2

[Event "13. Rusia tch 2006"]
[Site "Sochi RUS"]
[Date "2006.04.23"]
[Round "4.34"]
[White "Filippov, Valerij"]
[Black "Grachev, Boris"]
[Result "1/2-1/2"]
[WhiteElo "2561"]
[BlackElo "2543"]
[PlyCount "113"]
[EventDate "2006.04.20"]
[EventType "team"]
[EventRounds "11"]
[EventCountry "RUS"]
[Source "lmi"]
[SourceDate "2006.04.26"]

1. Nf3 d5 2. d4 c6 3. c4 e6 4. Nbd2 Nf6 5. g3 Nbd7 6. Bg2 b6 7. O-O Bb7 8. e4
Nxe4 9. Nxe4 dxe4 10. Ng5 Nf6 11. Nxe4 Nxe4 12. Bxe4 Be7 13. Be3 O-O 14. Qc2 g6
15. Rfd1 Bg5 16. Qe2 Bxe3 17. Qxe3 Qf6 18. Bg2 Rfd8 19. Rd2 Rd7 20. Rad1 Rad8
21. b4 Rc8 22. Qa3 Qd8 23. Qc3 Qf6 24. c5 bxc5 25. bxc5 Ba6 26. a4 Qd8 27. h4
h5 28. Rb1 Rb7 29. Rxb7 Bxb7 30. Bf1 Qc7 31. Rb2 Rd8 32. a5 Bc8 33. a6 Kh7 34.
Qe3 e5 35. Qxe5 Qxe5 36. dxe5 Rd1 37. Kg2 Ra1 38. Bd3 Bxa6 39. Bxa6 Rxa6 40.
Rb7 Kg8 41. Rc7 Ra1 42. Rxc6 a5 43. Kf3 a4 44. Rc8+ Kg7 45. Rc7 Kf8 46. Kf4 a3
47. e6 f6 48. Rf7+ Ke8 49. Ra7 a2 50. c6 Rc1 51. Rxa2 Rxc6 52. Ra8+ Ke7 53. Rg8
Rc4+ 54. Kf3 Rg4 55. Kg2 Kxe6 56. f4 Kf7 57. Rc8 1/2-1/2

[Event "13. Rusia tch 2006"]
[Site "Sochi RUS"]
[Date "2006.04.23"]
[Round "4.53"]
[White "Brodsky, Michail"]
[Black "Roiz, Michael"]
[Result "1/2-1/2"]
[WhiteElo "2561"]
[BlackElo "2590"]
[PlyCount "102"]
[EventDate "2006.04.20"]
[EventType "team"]
[EventRounds "11"]
[EventCountry "RUS"]
[Source "lmi"]
[SourceDate "2006.04.26"]

1. c4 Nf6 2. Nc3 c5 3. g3 g6 4. Bg2 Bg7 5. e4 Nc6 6. Nge2 O-O 7. O-O Ne8 8. d3
Nc7 9. a3 d6 10. Rb1 Ne6 11. b4 Rb8 12. h3 a6 13. Be3 Bd7 14. Qd2 Ned4 15. Kh2
b5 16. f4 bxc4 17. dxc4 Be6 18. Nd5 Nxe2 19. Qxe2 cxb4 20. Nxb4 Rc8 21. Nd5 Bd4
22. Rfc1 Bxe3 23. Qxe3 Na5 24. Qa7 Bxd5 25. cxd5 Nc4 26. Qxa6 Ne3 27. Rxc8 Qxc8
28. Qxc8 Rxc8 29. Rb3 Nc2 30. a4 Ra8 31. Rc3 Nd4 32. Rc4 Nb3 33. Rc7 Kf8 34. e5
Nc5 35. Rc6 Rxa4 36. exd6 exd6 37. Rxd6 Rd4 38. Rc6 Nd3 39. d6 Ke8 40. h4 h5
41. Bh3 f5 42. d7+ Kf7 43. Rc7 Ke7 44. Bf1 Nf2 45. Bb5 Ng4+ 46. Kg2 Nf6 47. Kf3
Nxd7 48. Ke3 Rd6 49. Rxd7+ Rxd7 50. Bxd7 Kxd7 51. Kd3 Kc7 1/2-1/2

[Event "13. Rusia tch 2006"]
[Site "Sochi RUS"]
[Date "2006.04.23"]
[Round "4.65"]
[White "Bezgodov, Alexei"]
[Black "Sakaev, Konstantin"]
[Result "1/2-1/2"]
[WhiteElo "2554"]
[BlackElo "2637"]
[PlyCount "49"]
[EventDate "2006.04.20"]
[EventType "team"]
[EventRounds "11"]
[EventCountry "RUS"]
[Source "lmi"]
[SourceDate "2006.04.26"]

1. e4 c5 2. Nf3 d6 3. d4 cxd4 4. Nxd4 Nf6 5. Nc3 a6 6. Be2 e5 7. Nb3 Be7 8. O-O
O-O 9. Kh1 Nc6 10. f3 Be6 11. Nd5 a5 12. Be3 a4 13. Nc1 Bxd5 14. exd5 Nd4 15.
Bxd4 exd4 16. Qxd4 Qa5 17. Rd1 Nd7 18. Rb1 Bf6 19. Qf2 Rfc8 20. Bd3 g6 21. a3
Qxd5 22. Ne2 Qc5 23. Qxc5 Nxc5 24. Bb5 Ne6 25. c3 1/2-1/2

[Event "13. Rusia tch 2006"]
[Site "Sochi RUS"]
[Date "2006.04.24"]
[Round "5.32"]
[White "Shomoev, Anton"]
[Black "Erenburg, Sergey"]
[Result "1/2-1/2"]
[WhiteElo "2492"]
[BlackElo "2554"]
[PlyCount "39"]
[EventDate "2006.04.20"]
[EventType "team"]
[EventRounds "11"]
[EventCountry "RUS"]
[Source "lmi"]
[SourceDate "2006.04.26"]

1. e4 e5 2. Nf3 Nf6 3. Nxe5 d6 4. Nf3 Nxe4 5. d4 d5 6. Bd3 Nc6 7. O-O Be7 8. c4
Nb4 9. Be2 O-O 10. a3 Nc6 11. cxd5 Qxd5 12. Nc3 Nxc3 13. bxc3 Bf5 14. Re1 Rfe8
15. Bf4 Rac8 16. Qc1 Bf6 17. Bg5 Bxg5 18. Qxg5 h6 19. Qg3 Qd6 20. Nd2 1/2-1/2

[Event "13. Rusia tch 2006"]
[Site "Sochi RUS"]
[Date "2006.04.24"]
[Round "5.33"]
[White "Galkin, Alexander"]
[Black "Rychagov, Andrey"]
[Result "1/2-1/2"]
[WhiteElo "2618"]
[BlackElo "2542"]
[PlyCount "33"]
[EventDate "2006.04.20"]
[EventType "team"]
[EventRounds "11"]
[EventCountry "RUS"]
[Source "lmi"]
[SourceDate "2006.04.26"]

1. e4 e6 2. d4 d5 3. Nc3 dxe4 4. Nxe4 Nd7 5. Nf3 Ngf6 6. Nxf6+ Nxf6 7. Bg5 h6
8. Bh4 Be7 9. Bd3 O-O 10. Qe2 c5 11. dxc5 Qa5+ 12. c3 Qxc5 13. O-O Rd8 14. Nd4
Nd5 15. Bxe7 Qxe7 16. f4 Qc5 17. Bc2 1/2-1/2

[Event "13. Rusia tch 2006"]
[Site "Sochi RUS"]
[Date "2006.04.24"]
[Round "5.44"]
[White "Grachev, Boris"]
[Black "Smirnov, Pavel"]
[Result "0-1"]
[WhiteElo "2543"]
[BlackElo "2614"]
[PlyCount "100"]
[EventDate "2006.04.20"]
[EventType "team"]
[EventRounds "11"]
[EventCountry "RUS"]
[Source "lmi"]
[SourceDate "2006.04.26"]

1. d4 d5 2. c4 c6 3. Nf3 Nf6 4. e3 Bf5 5. Bd3 Bxd3 6. Qxd3 e6 7. Nc3 Nbd7 8.
O-O Bb4 9. Bd2 a5 10. Ne2 Bd6 11. Nc3 Bb4 12. Ne2 O-O 13. Bxb4 axb4 14. Qb3 Qb6
15. Nf4 dxc4 16. Qxc4 Ra5 17. Nd3 Rb5 18. Nd2 e5 19. Nb3 exd4 20. Nxd4 Ne5 21.
Nxe5 Rxe5 22. Nc2 c5 23. f3 Ne8 24. Qf4 Qe6 25. e4 f5 26. exf5 Rfxf5 27. Qh4
Nf6 28. Rfe1 h6 29. Qf2 Rxe1+ 30. Rxe1 Qxa2 31. Qe2 Qb3 32. Qd2 Rd5 33. Qc1 c4
34. Ne3 Re5 35. Kf2 b5 36. Qd2 c3 37. bxc3 bxc3 38. Qd8+ Re8 39. Qd3 b4 40. Rb1
Qa2+ 41. Qc2 Ra8 42. Kg3 Qxc2 43. Nxc2 Ra2 44. Nxb4 Rb2 45. Rc1 Rxb4 46. Rxc3
Nh5+ 47. Kf2 Rb2+ 48. Kf1 Nf4 49. g3 Nh3 50. Rc4 Rf2+ 0-1

[Event "13. Rusia tch 2006"]
[Site "Sochi RUS"]
[Date "2006.04.24"]
[Round "5.45"]
[White "Inarkiev, Ernesto"]
[Black "Novikov, Stanislav"]
[Result "1-0"]
[WhiteElo "2602"]
[BlackElo "2545"]
[PlyCount "63"]
[EventDate "2006.04.20"]
[EventType "team"]
[EventRounds "11"]
[EventCountry "RUS"]
[Source "lmi"]
[SourceDate "2006.04.26"]

1. d4 Nf6 2. c4 d6 3. Nf3 Bg4 4. e3 Nbd7 5. h3 Bxf3 6. Qxf3 c6 7. Nc3 e5 8. g4
g6 9. h4 Qe7 10. g5 Nh5 11. d5 c5 12. Bh3 O-O-O 13. Bg4 Bg7 14. Bxh5 gxh5 15.
Ne4 f6 16. Ng3 fxg5 17. Nf5 Qf8 18. hxg5 h6 19. g6 Qf6 20. e4 Kc7 21. Qxh5 Rb8
22. a4 b6 23. Ra3 a6 24. Rf3 Rbf8 25. Ke2 Rfg8 26. Nxh6 Bxh6 27. Rxf6 Nxf6 28.
Qf5 Bg7 29. Rxh8 Rxh8 30. Qe6 Nd7 31. Qf7 Bf6 32. g7 1-0

[Event "13. Rusia tch 2006"]
[Site "Sochi RUS"]
[Date "2006.04.24"]
[Round "5.46"]
[White "Geller, Jakov"]
[Black "Nepomniachtchi, Ian"]
[Result "1/2-1/2"]
[WhiteElo "2495"]
[BlackElo "2506"]
[PlyCount "84"]
[EventDate "2006.04.20"]
[EventType "team"]
[EventRounds "11"]
[EventCountry "RUS"]
[Source "lmi"]
[SourceDate "2006.04.26"]

1. e4 c5 2. Nf3 d6 3. d4 cxd4 4. Nxd4 Nf6 5. Nc3 a6 6. a4 Nc6 7. Bc4 e6 8. O-O
Be7 9. Be3 O-O 10. Kh1 Bd7 11. f4 Rc8 12. Bd3 Qa5 13. Nb3 Qc7 14. a5 Nb4 15.
Qe1 e5 16. Nd2 Rfe8 17. Nf3 Be6 18. Ra4 Nxd3 19. cxd3 exf4 20. Bxf4 Nd7 21. Qg3
b5 22. Rd4 Qxa5 23. Bxd6 Bxd6 24. Rxd6 Nf8 25. Nd4 Qb4 26. Nxe6 fxe6 27. Qf4
Qxb2 28. Qf7+ Kh8 29. Rc6 h6 30. Rc7 Rxc7 31. Qxe8 Kh7 32. Nd1 Qe2 33. Qxf8 Rc1
34. Qf3 Qxf3 35. gxf3 a5 36. Ne3 Rc3 37. Rd1 a4 38. Kg2 Rb3 39. f4 a3 40. Kf3
a2 41. Ra1 Rb2 42. f5 exf5 1/2-1/2

[Event "13. Rusia tch 2006"]
[Site "Sochi RUS"]
[Date "2006.04.24"]
[Round "5.63"]
[White "Najer, Evgeniy"]
[Black "Yevseev, Denis"]
[Result "1-0"]
[WhiteElo "2653"]
[BlackElo "2580"]
[PlyCount "51"]
[EventDate "2006.04.20"]
[EventType "team"]
[EventRounds "11"]
[EventCountry "RUS"]
[Source "lmi"]
[SourceDate "2006.04.26"]

1. e4 c6 2. d4 d5 3. e5 c5 4. Nf3 cxd4 5. Nxd4 Nc6 6. c4 e6 7. Nc3 Bc5 8. Nxc6
bxc6 9. Qg4 Kf8 10. Bd3 Ne7 11. O-O Ng6 12. Re1 Qh4 13. Qxh4 Nxh4 14. Bd2 Ng6
15. Na4 Be7 16. cxd5 cxd5 17. Rac1 f6 18. exf6 gxf6 19. Rc7 Ne5 20. Bb5 Rg8 21.
Re3 Rb8 22. Rb3 Rg6 23. Be2 Ra8 24. Bh5 Bd7 25. Bxg6 Bxa4 26. Bh6+ 1-0